Giáo trình Múa Tập 1

TH028 Múa

Đã lưu trong:
Sonraí Bibleagrafaíochta
Príomhúdar: Trần, Minh Trí
Formáid: Leabhar
Teanga:Undetermined
Foilsithe: H. ĐHSP 2005
Ábhair:
Rochtain Ar Líne:http://lrc.tdmu.edu.vn/opac/search/detail.asp?aID=2&ID=5519
Clibeanna: Cuir Clib Leis
Gan Chlibeanna, Bí ar an gcéad duine leis an taifead seo a chlibeáil!
Thư viện lưu trữ: Trung tâm Học liệu Trường Đại học Thủ Dầu Một
LEADER 00583nam a2200217Ia 4500
001 TDMU_5519
008 210410s9999 xx 000 0 und d
082 |a 792.8 
090 |b TR105 
100 |a Trần, Minh Trí 
245 0 |a Giáo trình Múa 
245 0 |c Trần Minh Trí 
245 0 |n Tập 1 
260 |a H. 
260 |b ĐHSP 
260 |c 2005 
300 |a 111tr. 
520 |a TH028 Múa 
650 |a Múa 
856 |u http://lrc.tdmu.edu.vn/opac/search/detail.asp?aID=2&ID=5519 
980 |a Trung tâm Học liệu Trường Đại học Thủ Dầu Một